| 000 | 00514nam a22001697a 4500 | ||
|---|---|---|---|
| 003 | NUST - PNEC | ||
| 005 | 20170116180917.0 | ||
| 008 | 150904b xxu||||| |||| 00| 0 eng d | ||
| 020 | _a9698122125 | ||
| 040 | _cLIBRARY | ||
| 082 | _a620.306 KHA | ||
| 100 |
_97497 _aKhan, Muhammad Zubair |
||
| 245 |
_aMechanical vibration proceedings:2nd international symposium on mechanical vibrations (ISMV-2000) _cMuhammad Zubair Khan |
||
| 260 | _cc.2001 | ||
| 650 |
_97501 _aMechanical engineering _xME |
||
| 942 |
_2ddc _cBK |
||
| 999 |
_c65489 _d65489 |
||